000 00678nam a2200241Ia 4500
005 20260430150339.0
008 008 250103s9999 xx 000 0 eng d
037 _aTheses
040 _aCRL
040 _beng
040 _ceng
041 _2eng
041 _aeng
084 _qCRL
100 _aYadav Hina Au.; Gupta Mridula Gu.; Ray K.P. Gu.
_91237219
245 0 _aHigh Gain Micro Strip Antennas For Power Harvesting
260 _c2023
300 _a91p.
650 _aElectronic Science
700 _aUniversity of Delhi. Faculty of Inter- Disciplinary & Applied Science. Deptt. of Electronics Science
_91237213
942 _cTH
999 _c1849569
_d1849569